| 000 | 00000nam 2200000za 4500 |
| 001 | 9.569491 |
| 003 | CaOODSP |
| 005 | 20221107134009 |
| 007 | cr ||||||||||| |
| 008 | 150406s1992 onc ||||o f00| 0 eng d |
| 040 | |aCaOODSP|beng |
| 043 | |an-cn--- |
| 086 | 1 |aNH18-1/199-1-1992E-PDF |
| 245 | 00|aStudy of houses affected by hazardous lands |h[electronic resource] / |cprepared for the Research Division, Canada Mortgage and Housing Corporation ; prepared by CH2M Hill Engineering Ltd. in association with Sheltair Scientific Ltd., Appin Associates, XCG Consultants Ltd. |
| 260 | |aOttawa : |bThe Division, |c1992. |
| 300 | |avii, 48 p. |
| 490 | 1 |aResearch report |
| 500 | |a"March 1992." |
| 500 | |aIssued also in French under title: Étude des maisons touchées par des terrains à risque. |
| 504 | |aIncludes bibliographical references. |
| 590 | |a11-08-Supp|b2011-06-16 |
| 692 | 07|2gccst|aSoil pollution |
| 692 | 07|2gccst|aAir quality |
| 692 | 07|2gccst|aHousing |
| 710 | 2 |aCH2M Hill Engineering Ltd. |
| 710 | 2 |aCanada Mortgage and Housing Corporation. |
| 775 | 08|tÉtude des maisons touchées par des terrains à risque |w(CaOODSP)9.847007 |
| 830 | #0|aResearch report (Canada Mortgage and Housing Corporation : Online)|w(CaOODSP)9.506068 |
| 856 | 40|qPDF|s3.73 MB|uhttps://publications.gc.ca/collections/collection_2011/schl-cmhc/nh18-1/NH18-1-199-1-1992-eng.pdf |